Úverové spolky - potenciálne faktory rozvoja poľnohospodárstva na Slovensku

Vývoj úverového družstevníctva. Etapa vzniku a zakladania úverových družstiev. Samuel Jurkovič - zakladateľ slovenského družstevníctva a úverového družstevníctva. Etapa rozvoja úverového družstevníctva. Etapa deformácie a zániku úverového družstevníctva. Etapa transformácie družstevníctva. Súčasná e...

Descripción completa

Guardado en:
Detalles Bibliográficos
Autor principal: Šúbertová, Elena
Formato: Capítulo de libro
Lenguaje:eslovaco
Materias:
Etiquetas: Agregar Etiqueta
Sin Etiquetas, Sea el primero en etiquetar este registro!

MARC

LEADER 00000naa$a2200000$$$4500
001 0143987
005 20240502072559.7
041 0 |a slo 
044 |a SK 
245 1 0 |a Úverové spolky - potenciálne faktory rozvoja poľnohospodárstva na Slovensku  |c Elena Šúbertová 
520 |a Vývoj úverového družstevníctva. Etapa vzniku a zakladania úverových družstiev. Samuel Jurkovič - zakladateľ slovenského družstevníctva a úverového družstevníctva. Etapa rozvoja úverového družstevníctva. Etapa deformácie a zániku úverového družstevníctva. Etapa transformácie družstevníctva. Súčasná etapa fungovania družstevníctva. 
610 2 0 |a družstvá poľnohospodárske 
610 2 0 |a úver 
610 2 0 |a financovanie 
610 2 0 |a úrok 
610 2 0 |a transformácia 
610 2 0 |a družstvá bytové 
610 2 0 |a družstvá spotrebné 
610 2 0 |a družstvá úverové 
610 2 0 |a vývoj 
610 2 0 |a legislatíva 
610 2 0 |a Slovensko 
100 1 |a Šúbertová, Elena